Άνθρωπος και περιβάλλον : δοκίμια για τη σχέση του ανθρώπου με τον περιβάλλοντα κόσμο
Αποθηκεύτηκε σε:
| Άλλοι συγγραφείς: | |
|---|---|
| Μορφή: | Βιβλίο |
| Γλώσσα: | Greek |
| Δημοσίευση: |
Πάφος, Κύπρος :
Ιερά Βασιλική και Σταυροπηγιακή Μονή Αγίου Νεοφύτου,
1994.
|
| Σειρά: | Συνάντηση ;
3 |
| Θέματα: | |
| Ετικέτες: |
Προσθήκη ετικέτας
Δεν υπάρχουν, Καταχωρήστε ετικέτα πρώτοι!
|
MARC
| LEADER | 00000cam a2200000 i 4500 | ||
|---|---|---|---|
| 001 | 1/40329 | ||
| 008 | 030910s1994 gr | ||| |||| ||gre|| | ||
| 035 | |l 10070787 | ||
| 040 | |a GR-MyUA |b gre |e AACR2 | ||
| 041 | 0 | |a gre | |
| 082 | 0 | |a 304.2 | |
| 245 | 1 | 0 | |a Άνθρωπος και περιβάλλον : |b δοκίμια για τη σχέση του ανθρώπου με τον περιβάλλοντα κόσμο / |c Βασίλειος Τρ.Γιούλτσης ... [κ.ά.]. |
| 260 | |a Πάφος, Κύπρος : |b Ιερά Βασιλική και Σταυροπηγιακή Μονή Αγίου Νεοφύτου, |c 1994. | ||
| 300 | |a 127 σ. ; |c 24 εκ. | ||
| 490 | 1 | |a (Συνάντηση |v ; 3) | |
| 650 | 0 | 0 | |a Nature |x Religious aspects |x Christianity. |
| 650 | 0 | 0 | |a Human ecology |x Religious aspects |x Christianity. |
| 700 | 1 | |a Γιούλτσης, Βασίλειος Τ. | |
| 830 | 0 | |a Συνάντηση ; |v 3 | |
| 852 | |a INST |b SAMOS |e 20030910 |h 304.2 ΑΝΘ |p 005300023921 |q 005300023921 |t BK |y 0 | ||
| 901 | |a BIBL3-2003-3 | ||
| 909 | |a Σ |b 087993 | ||
| 970 | |a ΧΑΤΖΗΠΑΝΑΓΙΩΤΟΥ |b ΚΥΡΙΑΚΗ |z 2003/09/10 | ||